[Event "Floripa Chess Open 2024"]
[Site "Florianopolis"]
[Date "2024.01.20"]
[Round "1.64"]
[White "Santiago, Mauro"]
[Black "De Carvalho, Vitor Augusto Ponci"]
[Result "1/2-1/2"]
[WhiteElo "1516"]
[BlackElo "2124"]
[PlyCount "106"]
[EventDate "2024.01.20"]
[EventRounds "10"]
[EventCountry "BRA"]

1. d4 Nf6 2. c4 g6 3. Nf3 Bg7 4. Nc3 d5 5. cxd5 Nxd5 6. e4 Nxc3 7. bxc3 c5 8.
Be3 Qa5 9. Qb3 O-O 10. Bc4 cxd4 11. Nxd4 ({RR} 11. Bxd4 Bxd4 12. Nxd4 Nd7 13.
O-O Nc5 14. Qc2 Bd7 15. Nb3 Qa4 16. Qe2 Rac8 17. Nxc5 Rxc5 18. Bb3 Qc6 19. c4
Be6 20. Rac1 Rc8 21. Rfd1 Bxc4 22. Bxc4 Rxc4 23. Rxc4 Qxc4 24. Qxc4 Rxc4 25. f3
b5 {Rajandu,A (1539)-Shirov,A (2666) Tallinn EST 2023 0-1 (48)}) 11... Nd7 12.
O-O Nb6 $146 ({RR} 12... a6 13. Rac1 Nc5 14. Qc2 Qc7 15. Be2 b5 16. f3 Bd7 17.
c4 b4 18. f4 Rfd8 19. e5 Rab8 20. Bf3 e6 21. Rfd1 Bf8 22. Qf2 Na4 23. Nb3 Bc6
24. c5 Bxf3 25. gxf3 Rxd1+ 26. Rxd1 Rc8 27. h4 {Zuri,A (1844)-Varain,E (2077)
Obertsdorf 2002 1/2-1/2 (34)}) 13. Rac1 Bd7 14. Be2 Rfc8 15. f4 Na4 16. c4 Nc5
17. Qc2 e5 18. Nb3 Nxb3 19. axb3 exf4 20. Bxf4 Re8 21. Bf3 Bc6 22. c5 Qb4 23.
Rfe1 f5 24. Qc4+ Qxc4 25. Rxc4 Re6 26. Bg3 Rae8 27. e5 Bxe5 28. Rxe5 Rxe5 29.
Bxe5 Rxe5 30. Bxc6 bxc6 31. b4 Kf7 32. Rd4 Ke7 33. Kf2 g5 34. Kf3 a6 35. g4 f4
36. Rd6 Re3+ 37. Kf2 Re6 38. Rd4 h6 39. Kf3 Re3+ 40. Kf2 Re5 41. Rd6 Re6 42.
Rd4 Kf6 43. Kf3 Re3+ 44. Kf2 Re6 45. Kf3 h5 46. gxh5 Kf5 47. Rd6 g4+ 48. Kf2
Re4 49. h6 Rxb4 50. h7 Rb2+ 51. Kg1 Rb1+ 52. Kf2 Rb2+ 53. Kg1 Rb1+ 1/2-1/2

[Event "Floripa Chess Open 2024"]
[Site "Florianopolis"]
[Date "2024.01.20"]
[Round "1.65"]
[White "Do Nascimento, Christian Almeida"]
[Black "Gomes, Joao Paulo Santos"]
[Result "1-0"]
[WhiteElo "2123"]
[BlackElo "1514"]
[PlyCount "87"]
[EventDate "2024.01.20"]
[EventRounds "10"]
[EventCountry "BRA"]

1. d4 Nf6 2. c4 g6 3. Nc3 Bg7 4. e4 d6 5. f3 O-O 6. Be3 c5 7. dxc5 dxc5 8. Qxd8
Rxd8 9. Bxc5 Nc6 10. Nge2 Nd7 11. Ba3 Nde5 12. Nf4 b6 13. Nfd5 e6 14. Ne7+ Nxe7
15. Bxe7 Rd7 16. Bg5 Ba6 17. Rd1 Rc8 $146 ({RR} 17... Rxd1+ 18. Nxd1 Bxc4 19.
Bxc4 Nxc4 20. b3 Na3 21. Ne3 Rc8 22. Kd2 Bb2 23. Be7 Rc7 24. Bxa3 Bxa3 25. Rd1
Kf8 26. Ke2 Ke7 27. Nc4 Bc5 28. Rd2 Bg1 29. h3 Bh2 30. Rc2 Bf4 31. Ne3 Rd7 32.
Nd1 {Khairul,A (2308)-Purnama,T (2384) Jakarta 2012 1/2-1/2 (48)}) 18. f4 Rxd1+
19. Nxd1 Nc6 20. b3 Nb4 21. Be7 Nxa2 22. Kd2 Bf8 23. Bxf8 Kxf8 24. Nf2 Nb4 25.
Kc3 Nc6 26. Bd3 Bb7 27. g4 a5 28. h4 Nb4 29. h5 Ke7 30. hxg6 hxg6 31. Rh7 Rd8
32. Bb1 Rd7 33. e5 Nc6 34. Bxg6 Kf8 35. Bd3 Nd4 36. f5 exf5 37. gxf5 Kg8 38. f6
Bf3 39. Rg7+ Kh8 40. Nh3 Ne6 41. Rg3 Bc6 42. Bf5 Rd1 43. Bxe6 fxe6 44. Nf4 1-0

[Event "Floripa Chess Open 2024"]
[Site "Florianopolis"]
[Date "2024.01.20"]
[Round "1.66"]
[White "Grams, Leon Honke"]
[Black "Uczai, Joao Pedro Filimber"]
[Result "0-1"]
[WhiteElo "1513"]
[BlackElo "2122"]
[PlyCount "92"]
[EventDate "2024.01.20"]
[EventRounds "10"]
[EventCountry "BRA"]

1. d4 e6 2. c4 f5 3. a3 Nf6 4. Nc3 d5 5. Bg5 c6 6. e3 Bd6 7. Nf3 O-O 8. Be2
$146 ({RR} 8. Bd3 Qe8 9. Bf4 Be7 10. Qc2 Ne4 11. Bxe4 fxe4 12. Ne5 Nd7 13. O-O
Bd6 14. Ng6 Qxg6 15. Bxd6 Rf5 16. c5 Nf6 17. f3 Rxf3 18. Rxf3 exf3 19. Qxg6 f2+
20. Kxf2 hxg6 21. Kf3 g5 22. e4 dxe4+ {Baralic,N (2244)-Ilic,D (2354)
Kragujevac 2015 1-0 (58)}) 8... Qe8 9. Bf4 Be7 10. Ne5 Ne4 11. h4 Nxc3 12. bxc3
Nd7 13. Nf3 Nf6 14. Bg5 Bd6 15. Bf4 Bxf4 16. exf4 Ne4 17. Qc2 Qd8 18. Bd3 Qa5
19. O-O Bd7 20. Ne5 Be8 21. Bxe4 fxe4 22. Qd2 Rc8 23. Rab1 b6 24. Qe3 Qxa3 25.
c5 Qa6 26. Qh3 Rf5 27. Qe3 b5 28. g4 Rf8 29. f3 exf3 30. Nxf3 Bf7 31. h5 Qb7
32. Ng5 h6 33. Nf3 Qe7 34. Ne5 a5 35. Rbe1 a4 36. Qh3 Rc7 37. Rf3 Be8 38. g5
Rf5 39. g6 Ra7 40. Ra1 Qf6 41. Qg4 Qd8 42. Kf2 Qb8 43. Nd3 Bd7 44. Qh4 Qf8 45.
Ke3 Rf6 46. Ne5 Be8 0-1

[Event "Floripa Chess Open 2024"]
[Site "Florianopolis"]
[Date "2024.01.20"]
[Round "1.67"]
[White "Madeira, Wagner Martins"]
[Black "Nobre, Jailson Altair Barb"]
[Result "1-0"]
[WhiteElo "2122"]
[BlackElo "1512"]
[PlyCount "77"]
[EventDate "2024.01.20"]
[EventRounds "10"]
[EventCountry "BRA"]

1. e4 c5 2. c3 d5 3. exd5 Qxd5 4. d4 cxd4 5. cxd4 Nf6 6. Nc3 Qd8 7. Nf3 e6 8.
Bd3 Nc6 9. a3 Be7 10. O-O O-O 11. Be3 ({RR} 11. Bf4 a6 12. Rc1 Kh8 13. Bb1 Nd5
14. Qd3 f5 15. Nxd5 Qxd5 16. Bc2 Bf6 17. Rfd1 Rd8 18. Bc7 Re8 19. Bb3 Qd7 20.
Bb6 Bd8 21. Bxd8 Rxd8 22. Qe3 h6 23. h3 Qe7 24. Ne5 Nxe5 25. Qxe5 Qd6 {
Ankhchimeg,B (2127)-Khuslen,E (1259) Murun MGL 2019 1-0 (44)}) 11... a6 ({RR} 
11... Nd5 12. Nxd5 Qxd5 13. Qe2 Rd8 14. Bc4 Qf5 15. Bd3 Qd5 16. Bc4 Qf5 17. Bd3
{1/2-1/2 (17) Skoberne,J (2509)-Lenic,L (2603) Austria 2010}) 12. Rc1 Nd5 $146
({RR} 12... Qc7 13. Bb1 Rd8 14. Qc2 g6 15. Ne4 Nd5 16. Ne5 Bd7 17. Qe2 Rac8 18.
Nd3 Be8 19. Rfd1 b6 20. g3 Qb8 21. Qf3 f5 22. Nd2 Bf6 23. Nb3 a5 24. Nf4 Bf7
25. Nxd5 Rxd5 26. a4 Kg7 27. Rc2 {Paridar,S (2029)-Raeva,E Oropesa del Mar
2000 1-0 (62)}) 13. Bb1 Nxe3 14. fxe3 Bf6 15. Ne4 Be7 16. Qd3 g6 17. Rfd1 Bf6
18. Nxf6+ Qxf6 19. e4 Rd8 20. e5 Qf4 21. Qe4 Qxe4 22. Bxe4 Bd7 23. Rc5 Rdc8 24.
d5 exd5 25. Bxd5 Be8 26. e6 f6 27. Rdc1 Kg7 28. Nd4 f5 29. Nxc6 Bxc6 30. Bxc6
Rxc6 31. Rxc6 bxc6 32. Rxc6 Kf6 33. b4 a5 34. b5 a4 35. Kf2 Rh8 36. b6 Ke5 37.
e7 Kd5 38. Rf6 Re8 39. b7 1-0

[Event "Floripa Chess Open 2024"]
[Site "Florianopolis"]
[Date "2024.01.20"]
[Round "1.68"]
[White "Vieira, Luana Saddi"]
[Black "Zampronha, Wladimir Camilo"]
[Result "0-1"]
[WhiteElo "1501"]
[BlackElo "2121"]
[PlyCount "40"]
[EventDate "2024.01.20"]
[EventRounds "10"]
[EventCountry "BRA"]

1. e4 c5 2. c3 Nf6 3. e5 Nd5 4. d4 cxd4 5. cxd4 e6 6. Nc3 Nxc3 7. bxc3 Qc7 8.
Bd2 b6 9. Bd3 ({RR} 9. Qg4 Ba6 10. Bxa6 Nxa6 11. Nh3 Qc4 12. Qf3 Qc6 13. Ng5
Qxf3 14. Nxf3 Ba3 15. Ke2 d5 16. Rhb1 Kd7 17. Rb3 Be7 18. a4 Rhb8 19. Ne1 Nc7
20. Nd3 a5 {1/2-1/2 (20) Neuman,P (2410)-Oral,T (2549) Czechia 2003}) 9... Bb7
({RR} 9... Ba6 10. Qf3 Qc6 11. Be4 Qc4 12. Nh3 Nc6 13. Ng5 Be7 14. Qxf7+ Kd8
15. Qh5 Kc7 16. Nh3 Raf8 17. f4 g5 18. Nf2 Nxd4 19. Bd3 Qd5 20. cxd4 Qxd4 21.
Rc1+ Bc5 22. Qe2 Bb7 23. Be3 Qb4+ 24. Qd2 {Iudina,V (1742)-Japparbekova,M  
(1567) Al Ain UAE 2023 1-0 (46)}) 10. Rc1 $146 ({RR} 10. Qg4 Ba6 11. Be4 Qc4
12. Nh3 Nc6 13. Nf4 Nxe5 14. Qg5 f6 15. Qh5+ g6 16. Qh4 O-O-O 17. Qxf6 Bd6 18.
Kd1 Ng4 19. Qh4 Bxf4 20. Qxg4 Bxd2 21. Kxd2 Rhf8 22. Bf3 Qd3+ {0-1 (22)
Orlowski,J (1994)-Kruml,J (2170) Palo Verde 2010}) 10... Bxg2 11. Ne2 Bxh1 12.
Ng3 Bb7 13. Qg4 Nc6 14. Bf4 Ne7 15. Be3 Nd5 16. Nh5 g6 17. Nf4 Nxf4 18. Bxf4
Qc6 19. h4 Qf3 20. Qxf3 Bxf3 0-1

[Event "Floripa Chess Open 2024"]
[Site "Florianopolis"]
[Date "2024.01.20"]
[Round "1.69"]
[White "Casalaspro, Mathias Andre"]
[Black "Justiniano Flores, Luis Fernando"]
[Result "1-0"]
[WhiteElo "2121"]
[BlackElo "1486"]
[PlyCount "69"]
[EventDate "2024.01.20"]
[EventRounds "10"]
[EventCountry "BRA"]

1. d4 d5 2. Nc3 Nf6 3. Bf4 Bf5 4. f3 e6 5. g4 Bg6 6. h4 h6 7. e3 Bd6 8. Bd3 ({
RR} 8. Nge2 Nbd7 9. Nb5 Bxf4 10. Nxf4 Nf8 11. Bd3 Bxd3 12. Qxd3 c6 13. Nc3 Qe7
14. O-O-O O-O-O 15. Na4 e5 16. dxe5 Qxe5 17. Qd4 Qxd4 18. exd4 N8d7 19. Rde1
Rde8 20. Nd3 Rxe1+ 21. Rxe1 Re8 22. Rf1 Kc7 {Kovalev,V (2546)-Sumets,A (2583)
Berlin 2015 1-0 (38)}) ({RR} 8. Nh3 a6 9. Bd3 Bxd3 10. cxd3 Nc6 11. Qb3 b5 12.
O-O-O Qd7 13. Kb1 Rb8 14. Bxd6 Qxd6 15. g5 Nh5 16. f4 hxg5 17. hxg5 g6 18. Nf2
Ke7 19. Ng4 Ng3 20. Rhg1 Nf5 21. Rc1 Rh3 22. Nd1 Na5 {Suyarov,M (2281)-Bilan,D
(2303) chess.com INT 2023 1-0}) 8... Bxf4 9. exf4 Qd6 $146 ({RR} 9... Bxd3 10.
Qxd3 Qd7 11. O-O-O Nc6 12. Nh3 O-O-O 13. a3 Ne7 14. Nf2 h5 15. Qe2 hxg4 16.
fxg4 Nc6 17. h5 Ne8 18. Qe3 Nd6 19. b3 Qe7 20. Kb2 Na5 21. Ka2 Nc6 22. Rhe1 {
1/2-1/2 (22) Brouwer,T (2003)-De Ruiter,D (2309) Hilversum NED 2019}) 10. Bxg6
fxg6 11. Nge2 a6 12. Qd3 Kf7 13. O-O-O Nc6 14. Kb1 b5 15. Qe3 Na5 16. Nc1 Nc4
17. Qf2 a5 18. Nd3 Rhb8 19. Ne5+ Kg8 20. g5 Nd7 21. Nd3 h5 22. Nc5 Nxc5 23.
dxc5 Qxf4 24. Rhe1 Ra6 25. Rd4 Qf8 26. Rd3 a4 27. Qd4 b4 28. Nxd5 Nxb2 29. Nf6+
gxf6 30. Kxb2 fxg5 31. Rg1 Re8 32. Rxg5 Kh7 33. Qe4 Qf6+ 34. Kb1 a3 35. Rd7+
1-0

[Event "Floripa Chess Open 2024"]
[Site "Florianopolis"]
[Date "2024.01.20"]
[Round "1.70"]
[White "Nicacio, Daniel Ramos"]
[Black "Lima, Kleyton Alcantara"]
[Result "0-1"]
[WhiteElo "1479"]
[BlackElo "2119"]
[PlyCount "66"]
[EventDate "2024.01.20"]
[EventRounds "10"]
[EventCountry "BRA"]

1. e4 {Bartel,M} e5 2. Nf3 Nc6 3. Bc4 Nf6 4. d3 Be7 5. O-O O-O 6. Nbd2 d6 7. h3
({RR} 7. Bb3 Na5 8. Ba4 c5 9. c3 Rb8 10. d4 b5 11. Bc2 Qc7 12. d5 c4 13. h3 Nb7
14. Re1 ({RR} 14. a4 a6) 14... Bd7 ({RR} 14... Nc5 15. b4 cxb3 16. axb3 a5 17.
b4) 15. Nf1 Nc5 16. g4 ({RR} 16. b4 cxb3 17. axb3 a5 18. Bd2 Rfc8) 16... Nfxe4
({RR} 16... b4) 17. Bxe4 ({RR} 17. Rxe4 Nxe4 18. Bxe4 f5 19. gxf5 Bxf5 20. Ng3
Bc8 ({RR} 20... Bxe4 21. Nxe4 Qd7 22. Nfg5 Bxg5 23. Nxg5 Rf6 24. Qg4) ({RR} 
20... Bxh3 21. Nxe5) 21. a3 Qd7 22. Qf1) 17... Nxe4 18. Rxe4 f5 19. gxf5 Bxf5
20. Ng3 ({RR} 20. Rg4 Bxg4 21. hxg4 b4) 20... Qd7 21. Re1 ({RR} 21. Nxf5 Qxf5
22. Nd2 ({RR} 22. Re3 Bd8) 22... Qxf2+ 23. Kh1 Bg5) ({RR} 21. Re3) 21... Bxh3 {
Socko,B (2636)-Bartel,M (2658) Warsaw 2012 CBM 147 [Bartel,M] 0-1 (39)}) ({RR} 
7. c3) ({RR} 7. a4) ({RR} 7. a3 Be6 8. Re1 Qd7 9. c3 Rfe8 10. Bxe6 Qxe6 11. d4
exd4 12. cxd4 d5 13. e5 Nd7 14. Nf1 Nd8 15. Ng3 c6 16. Bg5 Bxg5 17. Nxg5 Qg6
18. Nf3 Nf8 19. Nh4 Qg5 20. Nhf5 Ng6 21. Re3 Re6 {Nemeth,M (2459)-Borosova,Z  
(2291) Slovakia SVK 2023 1-0}) 7... Na5 8. a3 $146 ({RR} 8. Qe2 Nh5 9. Nb3 Nxc4
10. dxc4 Nf4 11. Bxf4 exf4 12. Rad1 Qe8 13. Nbd4 Bf6 14. Rfe1 Be5 15. Nxe5 dxe5
16. Nb5 Qe7 17. b3 Be6 18. Rd3 Qc5 19. Nc3 a6 20. a4 Rfd8 21. Red1 Rxd3 22.
Qxd3 h6 {Rausz,A (2245)-Borocz,I (2225) Hungary 1992 0-1 (43)}) 8... Nxc4 9.
Nxc4 Be6 10. Ne3 Qc8 11. Kh2 Re8 12. Re1 c6 13. Nf1 Nd7 14. Ng5 Bxg5 15. Bxg5
d5 16. Ng3 Nf8 17. Qf3 f6 18. Be3 Ng6 19. Rad1 d4 20. Bd2 Rf8 21. Bb4 Rf7 22.
Bd2 Qd7 23. Qe2 c5 24. Nh5 f5 25. f4 fxe4 26. dxe4 exf4 27. Rf1 Raf8 28. Rf3
Qd6 29. Rdf1 Qe5 30. Nxf4 Nxf4 31. Rxf4 Rxf4 32. Bxf4 Rxf4 33. Rxf4 g5 0-1

[Event "Floripa Chess Open 2024"]
[Site "Florianopolis"]
[Date "2024.01.20"]
[Round "1.71"]
[White "De Carvalho, Jose Jorge"]
[Black "Mazzuco Junior, Adir"]
[Result "1-0"]
[WhiteElo "2119"]
[BlackElo "1479"]
[PlyCount "41"]
[EventDate "2024.01.20"]
[EventRounds "10"]
[EventCountry "BRA"]

1. Nf3 d5 2. d4 c6 3. c4 Nf6 4. Nc3 e6 5. Bg5 Nbd7 6. e3 Qa5 7. Bxf6 Nxf6 8.
Nd2 Bb4 9. Qc2 Bxc3 ({RR} 9... Ne4 10. Rc1 Nxd2 11. Qxd2 O-O 12. Be2 dxc4 13.
Bxc4 c5 14. a3 Bxc3 15. Qxc3 Qxc3+ 16. bxc3 Bd7 17. Rb1 cxd4 18. cxd4 Rac8 19.
Bb3 Rfd8 20. f3 Rc6 21. Kd2 Ra6 22. Bc4 Ra4 23. Rb4 Rc8 {1/2-1/2 (23) Tatai,S 
(2395)-Borgo,G (2445) Saint Vincent 1998}) 10. bxc3 Qc7 ({RR} 10... b6 11. Bd3
O-O 12. cxd5 cxd5 13. a4 b5 14. Nb3 Qb6 15. axb5 Bd7 16. Ra6 Qb8 17. Ra5 Rc8
18. Nc5 Qc7 19. Ra2 e5 20. O-O e4 21. Be2 Bg4 22. Ra6 Bd7 23. Rfa1 Rcb8 24. Qa4
h6 25. Qa5 {Kardashevskiy,E (2427)-Petrovsky,N (2006) Moscow RUS 2021 1-0 (35)}
) 11. cxd5 Nxd5 $146 ({RR} 11... exd5 12. Bd3 O-O 13. O-O h6 14. c4 Be6 15. c5
Rae8 16. a4 Bc8 17. a5 a6 18. Rfb1 Qe7 19. Bf5 Ng4 20. Bxc8 Rxc8 21. Nf1 Rc7
22. h3 Nf6 23. Ng3 Ne4 24. Nxe4 dxe4 25. Rb6 f5 26. Rab1 {Jie,T-Gardiner,N  
(1663) Durban 2014 1-0 (70)}) 12. e4 Ne7 13. Bd3 e5 14. O-O O-O 15. Rad1 Be6
16. Nc4 Ng6 17. Ne3 Nf4 18. d5 cxd5 19. exd5 Bxd5 20. Nxd5 Nxd5 21. Bxh7+ 1-0

[Event "Floripa Chess Open 2024"]
[Site "Florianopolis"]
[Date "2024.01.20"]
[Round "1.72"]
[White "Carvalho, Eduardo Meireles"]
[Black "Calcado, Acyr Rogerio"]
[Result "0-1"]
[WhiteElo "1476"]
[BlackElo "2118"]
[PlyCount "34"]
[EventDate "2024.01.20"]
[EventRounds "10"]
[EventCountry "BRA"]

1. d4 d5 2. Bf4 Nf6 3. Nf3 c5 4. c3 Qb6 5. e3 Nc6 6. b3 Bg4 7. Be2 e6 8. Nbd2
Be7 ({RR} 8... cxd4 9. cxd4 Be7 10. O-O O-O 11. Ne5 Bxe2 12. Qxe2 Nxe5 13. dxe5
Nd7 14. g4 Rac8 15. Rac1 Ba3 16. Rxc8 Rxc8 17. Qd3 Qa6 18. Qd4 h6 19. h4 Rc2
20. Nb1 Rxa2 21. Nxa3 Qxa3 22. g5 hxg5 23. hxg5 {Dmitriev,S (2312)-Kohler,A  
(2010) chess.com INT 2023 0-1 (45)}) 9. O-O O-O 10. Ng5 $146 ({RR} 10. dxc5
Bxc5 11. b4 Be7 12. b5 Na5 13. h3 Bxf3 14. Nxf3 Ne4 15. Qe1 Rac8 16. Ne5 Rfd8
17. Rc1 Rxc3 18. f3 Rxc1 19. Qxc1 Nd6 20. a4 f6 21. Nd3 Ndc4 22. Nf2 e5 {
0-1 (22) Trsinski,S (1782)-Polajzer,D (2274) Hum na Sutli 2017}) 10... Bxe2 11.
Qxe2 h6 12. Ngf3 Rae8 13. e4 cxd4 14. exd5 Nxd5 15. Be5 Nxc3 16. Qd3 Nb4 17.
Qxd4 Ne2+ 0-1

[Event "Floripa Chess Open 2024"]
[Site "Florianopolis"]
[Date "2024.01.20"]
[Round "1.73"]
[White "Becker, Rogerio Sperb"]
[Black "Pereira, Francisco Neris"]
[Result "1-0"]
[WhiteElo "2114"]
[BlackElo "1474"]
[PlyCount "87"]
[EventDate "2024.01.20"]
[EventRounds "10"]
[EventCountry "BRA"]

1. c4 e5 2. g3 Nf6 3. Bg2 d5 4. cxd5 Nxd5 5. Nc3 c6 6. d4 Nxc3 7. bxc3 exd4 8.
Qxd4 Qxd4 9. cxd4 Bb4+ 10. Bd2 Bxd2+ 11. Kxd2 O-O $146 ({RR} 11... Nd7 12. Nf3
Nb6 13. Rhd1 Be6 14. Ke1 O-O 15. Nd2 Rad8 16. Nb3 Bxb3 17. axb3 a6 18. e4 Rfe8
19. Kf1 Re7 20. Rd2 Red7 21. Rad1 f6 22. f4 Kf7 23. Kf2 h6 24. h4 Na8 25. Bf1
b5 26. Bh3 {Mejzlik,V (1730)-Panik,T Most 1999 1-0 (36)}) 12. Nf3 Bf5 13. Ne5
Nd7 14. Nxd7 Bxd7 15. Rab1 Rab8 16. Rb2 b6 17. Rc1 Rbc8 18. Rbc2 Rfd8 19. Bxc6
Bxc6 20. Rxc6 Rxc6 21. Rxc6 Rxd4+ 22. Kc3 Rd8 23. Rc7 Ra8 24. e4 Kf8 25. e5 h5
26. f4 g6 27. h3 b5 28. g4 hxg4 29. hxg4 a5 30. f5 gxf5 31. gxf5 Rd8 32. Rc5
Rb8 33. Kd4 Rd8+ 34. Ke3 Rb8 35. Rc7 a4 36. Ra7 Rc8 37. Kf4 Rc2 38. Kg5 Ke8 39.
Rb7 Rc5 40. Kf6 Rc6+ 41. e6 fxe6 42. fxe6 Kd8 43. Kf7 Kc8 44. Rxb5 1-0

[Event "Floripa Chess Open 2024"]
[Site "Florianopolis"]
[Date "2024.01.20"]
[Round "1.74"]
[White "Paiva, Gaston"]
[Black "Delgado, Lidio Dias"]
[Result "0-1"]
[WhiteElo "1472"]
[BlackElo "2110"]
[PlyCount "52"]
[EventDate "2024.01.20"]
[EventRounds "10"]
[EventCountry "BRA"]

1. d4 d5 2. c4 e6 3. Nc3 Nf6 4. cxd5 exd5 5. Bg5 Nbd7 6. Qc2 Be7 7. e3 c6 8.
Bd3 O-O 9. Nf3 Re8 10. O-O Nf8 11. a3 a5 12. Rab1 Be6 13. b4 ({RR} 13. Rfc1
N6d7 14. Bf4 Nb6 15. Qb3 Bg4 16. Ne5 Bh5 17. Bg3 Bg6 18. Nxg6 hxg6 19. Nb5 a4
20. Qd1 Ne6 21. Nc3 Ra7 22. Bc2 Qa8 23. h4 Bf6 24. Qd3 Qd8 25. h5 gxh5 26. Qh7+
Kf8 27. Qxh5 g6 {Hort,V (2570)-Lobron,E (2530) Biel 1987 1-0 (48)}) 13... axb4
14. axb4 Rc8 $146 ({RR} 14... N6d7 15. Bxe7 Qxe7 16. b5 Bg4 17. bxc6 bxc6 18.
Be2 Qf6 19. Rb7 Re6 20. Rfb1 Qh6 21. Nd2 Qg5 22. Bxg4 Qxg4 23. h3 Qh5 24. Nf1
Qg5 25. Ne2 Rd6 26. Rc7 Qf6 27. Nfg3 Ra6 28. Nf5 Re6 29. Rbb7 {Geller,
E-Golovko,N Moscow (Russia) 1970 1-0 (36)}) ({RR} 14... Ra3 15. b5 Qa5 16. Rfc1
Rc8 17. Qb2 cxb5 18. Nxb5 Rxc1+ 19. Qxc1 Rxd3 20. Ne5 Rd2 21. Nc3 Ra2 22. Nxa2
Qxa2 23. Rxb7 Ba3 24. Qb1 Qxb1+ 25. Rxb1 Ne4 26. Bf4 f6 27. Nf3 g5 28. Bc7 Be7
29. h3 {Bilan,D (2303)-Goh,Z (2126) chess.com INT 2022 1-0 (69)}) 15. b5 c5 16.
dxc5 Rxc5 17. Rfc1 N6d7 18. Bxe7 Qxe7 19. Nd4 Rec8 20. Qe2 Rxc3 21. Rd1 Ne5 22.
Bf5 g6 23. Nxe6 fxe6 24. Bh3 Rc2 25. Qf1 Qc5 26. g3 Nf3+ 0-1

[Event "Floripa Chess Open 2024"]
[Site "Florianopolis"]
[Date "2024.01.20"]
[Round "1.75"]
[White "Cueto, Jonny"]
[Black "Philippi, Enzo Grotto"]
[Result "1-0"]
[WhiteElo "2108"]
[BlackElo "1471"]
[PlyCount "51"]
[EventDate "2024.01.20"]
[EventRounds "10"]
[EventCountry "BRA"]

1. d4 d5 2. Nf3 Nf6 3. Bf4 Bf5 4. c4 e6 5. Qb3 b6 ({RR} 5... dxc4 6. Qxb7 Be4
7. Qxc7 Bb4+ 8. Nbd2 Qxc7 9. Bxc7 Ke7 10. e3 Rc8 11. Bg3 Bd5 12. Rc1 Nbd7 13.
Ke2 c3 14. bxc3 Bxc3 15. Kd1 a5 16. Bd3 Bxa2 17. Rc2 Bd5 18. e4 Bb7 19. Ke2 Bb4
20. Rhc1 {Aronian,L (2781)-Carlsen,M (2847) chess24.com INT 2021 1/2-1/2 (39)})
6. Nc3 Be7 ({RR} 6... Bd6 7. Bg5 c6 8. e3 h6 9. Bh4 O-O 10. Be2 Nbd7 11. O-O a5
12. cxd5 exd5 13. Rac1 Qe7 14. a4 Rfc8 15. Rfd1 Qe6 16. Bg3 Bb4 17. Ne5 Nxe5
18. Bxe5 Nd7 19. Bg3 g5 20. h3 Qg6 21. Na2 {Tabatabaei,M (2677)-Mamedyarov,S  
(2738) chess.com INT 2023 1-0 (37)}) 7. cxd5 $146 ({RR} 7. Qa4+ Qd7 8. Qxd7+
Kxd7 9. Ne5+ Ke8 10. g4 Bg6 11. h4 h6 12. Nxg6 fxg6 13. Bxc7 Na6 14. Bf4 Nxg4
15. e3 Nf6 16. a3 Rc8 17. cxd5 Nb8 18. dxe6 Nc6 19. d5 Nd8 20. Bb5+ Kf8 21. d6
Nxe6 {Bosque Ortega,X (2261)-Forsberg Conde,M (2060) Barcelona 2011 1-0 (31)})
7... Nxd5 8. Bg3 Nf6 9. Rd1 O-O 10. Ne5 Ne4 11. Bf4 Nxc3 12. bxc3 Qc8 13. f3 h6
14. e4 Bh7 15. Bc4 Qb7 16. Bxe6 Bxe4 17. Bxf7+ Rxf7 18. Qxf7+ Kh7 19. Qxe7 Nc6
20. Nxc6 Bxc6 21. Be5 Rg8 22. O-O Bb5 23. Rfe1 Qc6 24. Qxc7 Qxc7 25. Bxc7 Rc8
26. Re7 1-0

[Event "Floripa Chess Open 2024"]
[Site "Florianopolis"]
[Date "2024.01.20"]
[Round "1.76"]
[White "Milkievicz Da Rocha, Mateus"]
[Black "Serpa, Rafael Araujo"]
[Result "0-1"]
[WhiteElo "1468"]
[BlackElo "2101"]
[PlyCount "68"]
[EventDate "2024.01.20"]
[EventRounds "10"]
[EventCountry "BRA"]

1. e4 e6 2. f4 d5 3. e5 c5 4. Nf3 Nc6 5. c3 Nh6 6. Be2 Nf5 ({RR} 6... c4 7. d3
b5 8. Be3 Nf5 9. Bf2 Be7 10. Nbd2 O-O 11. Qc2 Na5 12. h4 cxd3 13. Bxd3 Nc4 14.
Nf1 g6 15. h5 Kg7 16. b3 Na3 17. Qd2 b4 18. cxb4 Rb8 19. Bc5 Bxc5 20. bxc5 Bd7
21. Rc1 {Renzi,M (1828)-De Simone Sorrentino,F (1534) Arco ITA 2023 1-0}) 7. d3
Be7 8. O-O h5 9. Ng5 $146 ({RR} 9. Na3 g6 10. Nc2 Qb6 11. Qe1 Bd7 12. a3 O-O-O
13. Rb1 h4 14. Qf2 d4 15. Nd2 Be8 16. c4 a5 17. b3 f6 18. exf6 Bxf6 19. Ne4 Be7
20. Bd2 Rf8 21. Qe1 Bd7 22. Bf3 Rde8 23. Ng5 Bf6 {Vitasek,J (2056)-Sveda,J  
(1952) Czechia 2010 1-0 (72)}) 9... g6 10. g4 hxg4 11. Bxg4 Bxg5 12. fxg5 Nxe5
13. Be2 Nc6 14. Na3 e5 15. Bf3 Be6 16. Qb3 Qd7 17. Qb5 b6 18. Nc4 Rc8 19. Ne3
Nxe3 20. Bxe3 d4 21. Bc1 Bd5 22. Bxd5 Qxd5 23. c4 Qe6 24. Bf4 Qg4+ 25. Bg3 Qxg5
26. Rae1 O-O 27. Qb3 f5 28. Kh1 Rce8 29. Rg1 Qf6 30. Ref1 e4 31. dxe4 Rxe4 32.
Qd1 Qe6 33. Bc7 Ne7 34. Rf2 Qc6 0-1

[Event "Floripa Chess Open 2024"]
[Site "Florianopolis"]
[Date "2024.01.20"]
[Round "1.77"]
[White "Lage, Pedro Ferreira"]
[Black "Guerreiro, Heitor Koffermann"]
[Result "1-0"]
[WhiteElo "2100"]
[BlackElo "1467"]
[PlyCount "37"]
[EventDate "2024.01.20"]
[EventRounds "10"]
[EventCountry "BRA"]

1. Nf3 Nf6 2. c4 e6 3. g3 d5 4. d4 Bb4+ 5. Nbd2 dxc4 6. Bg2 O-O 7. O-O c5 8.
Nxc4 cxd4 9. Nxd4 Qc7 ({RR} 9... a6 10. Bg5 Nbd7 11. Rc1 Qe7 12. a3 Bc5 13. b4
Ba7 14. Na5 h6 15. Be3 Ne5 16. Bf4 Ng6 17. Rc7 Qd8 18. Be3 Qxc7 {0-1 (18)
Yuruultei Batbaatar (1433)-Tarasova,V (2226) chess.com INT 2023}) 10. Qb3 Rd8
$146 ({RR} 10... Nd5 11. e4 Nb6 12. Qxb4 Na6 13. Nb5 Qxc4 14. Qxc4 Nxc4 15. Rd1
e5 16. b3 Na5 17. Ba3 Re8 18. Nd6 Rd8 19. Nxc8 Raxc8 20. Bh3 Ra8 21. f4 Nc6 22.
Bd6 Nd4 23. fxe5 Nf3+ 24. Kf2 Ng5 25. Bg2 {Zimina,O (2341)-Sankova,S (2087)
Tornelo INT 2021 1-0 (37)}) 11. Bf4 Qe7 12. Rfd1 Nd5 13. Nf5 Qf6 14. Be5 Qxf5
15. e4 Qg6 16. exd5 Na6 17. dxe6 Rxd1+ 18. Rxd1 Qxe6 19. Qxb4 1-0

[Event "Floripa Chess Open 2024"]
[Site "Florianopolis"]
[Date "2024.01.20"]
[Round "1.78"]
[White "Toffoli, Vanessa"]
[Black "Ferreira, Thales Bond Dias"]
[Result "0-1"]
[WhiteElo "1466"]
[BlackElo "2086"]
[PlyCount "80"]
[EventDate "2024.01.20"]
[EventRounds "10"]
[EventCountry "BRA"]

1. e4 c5 2. Nf3 e6 3. d3 d5 4. Qe2 Nf6 5. e5 Nfd7 6. g3 Nc6 7. Bg2 Be7 8. O-O
Qc7 9. Re1 b6 10. Nbd2 Bb7 11. c4 d4 ({RR} 11... dxc4 12. dxc4 O-O-O 13. Nb3 h6
14. Bd2 a5 15. Bc3 Ndb8 16. Rad1 Rxd1 17. Rxd1 Rd8 18. a4 Nb4 19. Rxd8+ Qxd8
20. Bxb4 axb4 21. Nfd2 Nc6 22. f4 Kc7 23. Kf1 g6 24. Ne4 Qa8 25. Qd3 Nd8 26.
Nbd2 {Laznicka,V (2679)-Fridman,D (2648) Beersheba 2013 0-1 (65)}) 12. h4 ({RR
} 12. Nf1 h6 13. h4 O-O-O 14. a3 a5 15. Bf4 Rdg8 16. h5 g5 17. hxg6 fxg6 18.
Bh3 Nd8 19. Bc1 g5 20. g4 h5 21. Ng3 Qc6 22. Ne4 hxg4 23. Bxg4 Nf7 24. b4 Nfxe5
25. b5 Nxf3+ 26. Bxf3 Qc7 {Rizzo,T (1911)-Altman,J (2162) chess.com INT 2022
1-0 (50)}) 12... O-O-O 13. a4 $146 ({RR} 13. a3 h6 14. b4 cxb4 15. axb4 Bxb4
16. Ba3 Bxa3 17. Rxa3 Nc5 18. Ne4 Nxe4 19. Qxe4 Na5 20. Qf4 Qc5 21. Rea1 Rhf8
22. Qd2 Nc6 23. Rxa7 Nxa7 24. Rxa7 Rd7 25. Qa2 f6 26. Nxd4 Bxg2 27. Ra8+ {
1-0 (27) Urban,J (2230)-Neukirch,D (2295) Germany 1999}) 13... a5 14. Nb1 h6
15. Na3 Rdg8 16. Nb5 Qb8 17. g4 Nb4 18. Bf4 g5 19. hxg5 hxg5 20. Bxg5 Bxg5 21.
Nd6+ Kc7 22. Nxg5 Bxg2 23. Nb5+ Kb7 24. Kxg2 Rxg5 25. Nd6+ Ka7 26. Nxf7 Qg8 27.
Nxg5 Qxg5 28. Rh1 Rxh1 29. Rxh1 Nxe5 30. Rh7+ Kb8 31. f3 Nbxd3 32. Qe4 Qd2+ 33.
Kg3 Qf2+ 34. Kh3 Qxf3+ 35. Qxf3 Nxf3 36. Kg3 Nde5 37. Kf4 d3 38. Ke3 d2 39. Ke2
Nxc4 40. Rh1 Nce5 0-1